LEADER 00914nam a2200229 i 4500 001 000000140632 003 CaOOAMICUS 005 20050622000000.0 008 050622s1963 it u000 u ita u 013 $a114833 040 $aSeMil$bita 100 1 $aGreco, Dino.$0(OLS)http://semarc/name/34349 245 13$aIl tempo e la giustizia /$cDino Greco. 260 $aMilano :$bEdizioni di Comunitŕ,$c1963. 300 $a159 p. ;$c21 cm. 490 0 $aCultura e realtŕ : Universale contemporanea ;$v55 650 4$aGiustizia - Italia - Problemi.$0(OLS)http://semarc/subject/17097 830 0$aCultura e realtŕ ;$v55.$0(OLS)http://semarc/title/9132 850 $aSeMil 852 $aSeMil$W1$xVenegono$y1$m2R I 297$j93949$B93949$CSeMilBibl$Z2$F99412 $81 996 $6245$aIl tempo e la giustizia$9(OLS)http://semarc/title/205462 996 $6260$aMilano :$bEdizioni di Comunitŕ$9(OLS)http://semarc/publisher/31458 LEADER 00596naa a2200145 i 4500 001 000000303790 003 CaOOAMICUS 005 20180831172806.0 008 180831n xx u000 u und u 013 $a11570 040 $aSeMil$bita 100 1 $aRamis, Gabriel.$0(OLS)http://semarc/name/16838 245 13$aLa iniciación cristiana en la liturgia hispánica :$bel domingo «In. 773 0 $tPsallendum.$dRoma : [s.n.], 1992.$kStudia Anselmiana. Analecta liturgica$kStudia Anselmiana$w()39639 996 $6245$aLa iniciación cristiana en la liturgia hispánica :$bel domingo «In$9(OLS)http://semarc/title/379746